Κατάλογος Βιβλιοθηκών Mediterranean College

An Interpretative Phenomenological Analysis of the Effect of Types of Labor on Woman's Transition to Motherhood and the Impact of this Transition on Couple's Relationship. (Record no. 8399)

MARC details
000 -LEADER
fixed length control field 00974cam a22001814a 4500
005 - ΗΜΕΡΟΜΗΝΙΑ ΚΑΙ ΩΡΑ ΤΕΛΕΥΤΑΙΑΣ ΕΝΗΜΕΡΩΣΗΣ
Πεδίο ελέγχου 20250605164334.0
008 - FIXED-LENGTH DATA ELEMENTS--GENERAL INFORMATION
Πεδίο ελέγχου σταθερού μήκους 250528s ||||||||||||||||||||||||d
035 ## - SYSTEM CONTROL NUMBER
System control number 23375
040 ## - ΠΗΓΗ ΚΑΤΑΛΟΓΟΓΡΑΦΗΣΗΣ
Φορέας πρωτότυπης καταλογογράφησης MC Athens Campus Library
Γλώσσα καταλογογράφησης Ελληνικά, Μοντέρνα (1453-)
Modifying agency MC Athens Campus Library
Κανόνες περιγραφικής καταλογογράφησης AACR2
245 1# - ΤΙΤΛΟΣ ΚΑΙ ΔΗΛΩΣΗ ΥΠΕΥΘΥΝΟΤΗΤΑΣ
Τίτλος An Interpretative Phenomenological Analysis of the Effect of Types of Labor on Woman's Transition to Motherhood and the Impact of this Transition on Couple's Relationship.
300 ## - PHYSICAL DESCRIPTION
Extent 69
520 ## - SUMMARY, ETC.
Summary, etc. Introduction, Postnatal Period,Transition to Prenthood, Methodology, Design, Participants, Materials, Procedure, Ethical Standards, Analysis, Women's Attitude toward the Type of Delivery, the Achievement of Motherhood, Women's Avoidance for Cesarean Section, Postnatal Depression, Fatigue, Postpartum Spousal Conflicts, Postpartum Sexual Abstinence, Discussion, Refrences, Appendix, PDP Element,
700 1# - ΠΡΟΣΘΕΤΗ ΑΝΑΓΡΑΦΗ--ΦΥΣΙΚΟ ΠΡΟΣΩΠΟ
Personal name Afentouli Panagiota
9 (RLIN) 8929
700 1# - ΠΡΟΣΘΕΤΗ ΑΝΑΓΡΑΦΗ--ΦΥΣΙΚΟ ΠΡΟΣΩΠΟ
Personal name Seferaj Panagiota
9 (RLIN) 8935
942 ## - ADDED ENTRY ELEMENTS (KOHA)
Koha item type Διπλωματική εργασία
Holdings
Τύπος τεκμηρίου Βιβλιοθήκη Τρέχουσα τοποθεσία Barcode Ημερομηνία απόκτησης Ταξιθετικό σύμβολο Αριθμός αντιτύπου Κατάσταση απόσυρσης Κατάσταση χαμένου Κατάσταση κατεστραμμένου Μη δανεισμός Σύνολο δανεισμών Ημερομηνία τελευταίας εμφάνισης Η τιμή ισχύει από
Διπλωματική εργασία MC Athens Campus Library MC Athens Campus Library 9780000083982 05/06/2025 PSY 2017 (39) 1           05/06/2025 05/06/2025

MC Athens Campus Library
Πατησίων 94 & Κοδριγκτώνος 13, 104 34
Πελλήνης 8 & Πατησίων 107, 112 51
Τ: +30 210 8899600

MC Thessaloniki Campus Library
Ίωνος Δραγούμη 21, 54625 | Ίωνος Δραγούμη 15, 54625
Τ: +30 2310 287779 – Τ: +30 2314 440300